| 000 -LEADER |
| fixed length control field |
00704nam a2200217Ia 4500 |
| 001 - CONTROL NUMBER |
| control field |
18207 |
| 003 - CONTROL NUMBER IDENTIFIER |
| control field |
GE_BSU |
| 005 - DATE AND TIME OF LATEST TRANSACTION |
| control field |
20250130154219.0 |
| 008 - FIXED-LENGTH DATA ELEMENTS--GENERAL INFORMATION |
| fixed length control field |
181216s2002||||enk|||||||||||||| ||eng|| |
| 020 ## - INTERNATIONAL STANDARD BOOK NUMBER |
| International Standard Book Number |
9780471370529x |
| 040 ## - CATALOGING SOURCE |
| Transcribing agency |
GE_BSU |
| 080 ## - UNIVERSAL DECIMAL CLASSIFICATION NUMBER |
| Universal Decimal Classification number |
005.93+640.41 |
| 100 ## - MAIN ENTRY--PERSONAL NAME |
| Personal name |
Rutherford, Denney G. |
| 9 (RLIN) |
24196 |
| 245 ## - TITLE STATEMENT |
| Title |
Hotel management and operations / |
| Statement of responsibility, etc. |
Denney G. Rutherford; edited by: Denney G. Rutherford. |
| 250 ## - EDITION STATEMENT |
| Edition statement |
Third Edition |
| 264 ## - PRODUCTION, PUBLICATION, DISTRIBUTION, MANUFACTURE, AND COPYRIGHT NOTICE |
| Place of production, publication, distribution, manufacture |
New York : |
| Name of producer, publisher, distributor, manufacturer |
John Wiley & Sons, Inc, |
| Date of production, publication, distribution, manufacture, or copyright notice |
2002. |
| 300 ## - PHYSICAL DESCRIPTION |
| Extent |
536 p, |
| Other physical details |
ill. ; |
| Dimensions |
24 cm. |
| 653 ## - INDEX TERM--UNCONTROLLED |
| keyword |
სასტუმროს მართვა და ოპერაციები |
| 653 ## - INDEX TERM--UNCONTROLLED |
| keyword |
ტურიზმი |
| 942 ## - ADDED ENTRY ELEMENTS (KOHA) |
| Koha item type |
წიგნი |
| Source of classification or shelving scheme |
|